000
00205 a2200097 4500
001
26212
100
_a
Ferrari
245
_a
Transonic aerodynamics
260
_a
_b
Academic press
_c
090
_c
17690
_d
17690
942
_a
NUST-CAE
_c
M
_c
8547
999
_c
261285
_d
261285